10 capitales les plus proches de Bogota - Statistiques

Statistiques générales
  • Ce quiz a été pris 57 fois
  • Le résultat moyen est 6 sur 10
Statistiques - réponses
km Capitale % Correct
771 Panama
91%
727 Quito
89%
1023 Caracas
85%
1249 San José
68%
1577 Managua
58%
1515 Kingston
47%
1536 Port-d'Espagne
45%
1585 Saint George's
34%
1559 Port-au-Prince
32%
1605 Saint-Domingue
32%
Aucun quiz correspondant
Distribution des résultats
% des personnes avec chaque résultat
Percentile par nombre de réponses
Votre historique - résultats
Vous n’avez pas pris ce quiz